Electricity and magnetism simulations
Salvato in:
| Autori principali: | , , , |
|---|---|
| Natura: | Libro |
| Lingua: | inglese |
| Pubblicazione: |
Nueva York
John Wiley
1995
|
| Serie: | The Consortium for Upper-Level Physics Software
|
| Soggetti: | |
| Tags: |
Aggiungi Tag
Nessun Tag, puoi essere il primo ad aggiungerne!!
|
MARC
| LEADER | 00000nam a2200000 a 4500 | ||
|---|---|---|---|
| 001 | UCO1439 | ||
| 003 | CL-VaPUC | ||
| 008 | 000512e19950000US |||||||||||||||||eng|d | ||
| 082 | 0 | 4 | |a 537 |b EHR |2 21 |
| 100 | 0 | |a Ehrlich, Robert |e author |9 443548 | |
| 700 | 0 | |a Tuszynski, Jaroslaw |e author |9 443549 | |
| 700 | 0 | |a Roelofs, Lyle |e author |9 443550 | |
| 700 | 0 | |a Stoner, Ronald |e author |9 443551 | |
| 245 | 1 | 0 | |a Electricity and magnetism simulations |
| 300 | |a 184 p | ||
| 942 | |c BK | ||
| 945 | |d 20000512 00:00:00 |a vberengu | ||
| 260 | |a Nueva York |b John Wiley |c 1995 | ||
| 500 | |a Incluye disquette | ||
| 650 | 0 | |a Electricidad |9 260222 | |
| 650 | 0 | |a Electromagnetismo |9 260123 | |
| 650 | 0 | |a Magnetismo |9 260336 | |
| 650 | 7 | |a MODELOS DE SIMULACION |2 CL-VaPUC |9 443552 | |
| 650 | 0 | |a Polarización |9 354950 | |
| 583 | |a last modification |c 20000512 00:00:00 |k Rodrigo Vera | ||
| 490 | 0 | |a The Consortium for Upper-Level Physics Software | |
| 999 | |c 288060 |d 288058 | ||
| 952 | |0 0 |1 0 |4 0 |6 537_000000000000000_EHR_1995 |7 0 |8 A |9 335251 |a BIBCUR |b BIBCUR |d 2019-11-20 |i 3531767 |l 1 |o 537 EHR 1995 |p 3531767 |r 2025-04-22 |s 2024-03-26 |w 2019-11-20 |y BK |k FIS | ||